| 000 | 00771nam a22001577a 4500 | ||
|---|---|---|---|
| 003 | OSt | ||
| 005 | 20151209095517.0 | ||
| 008 | 151209b xxu||||| |||| 00| 0 eng d | ||
| 040 | _cRUA | ||
| 082 | _aATM KHO 2005 B193 Or.1 | ||
| 100 |
_94569 _aKHOK, PROS. |
||
| 245 | _athe study on water supply project of gret-kosan in smaoknhey village trapang sab commune baty district, takeo province (ការសិក្សាលើគំរោងផ្គត់ផ្គង់ទឹកស្អាតរបស់អង្គការ gret-kosan នៅភូមិស្មៅខ្ញី ឃុំត្រពាំងសាប ស្រុកបាទី ខេត្តតាកែវ) | ||
| 260 |
_aPhnom Penh _bRUA _c2005 |
||
| 300 |
_axi, 48p. _bill. _c29cm. |
||
| 942 |
_2ddc _cATM |
||
| 999 |
_c4258 _d4258 |
||